Logo BPK

Biblioteka

Politechniki Koszalińskiej

Słownik ortograficzny języka polskiego wraz z zasadami pisowni i interpunkcji / (Rekord nr 23527)

Szczegóły MARC
000 -ETYKIETA REKORDU
podpole kontrolne o stałej długości 01121nam a2200325 i 4500
001 - NUMER KONTROLNY REKORDU
pole kontrolne 23527
003 - IDENTYFIKATOR NUMERU KONTROLNEGO REKORDU
podpole kontrolne KOSZ 005
005 - DATA OSTATNIEJ MODYFIKACJI REKORDU
podpole kontrolne 20220307143304.0
008 - POLE O STAŁEJ DŁUGOŚCI - DANE KONTROLNE
podpole kontrolne o stałej długości 981023s1987 pl d |000 0 pol d
015 ## - NUMER BIBLIOGRAFII NARODOWEJ
Numer bibliografii narodowej PB 1987/2890
020 ## - MIĘDZYNARODOWY ZNORMALIZOWANY NUMER KSIĄŻKI - ISBN
ISBN 8301056541
035 ## - NUMER SYSTEMOWY
Numer systemowy przejętego rekordu (OCoLC)751170947
040 ## - ŹRÓDŁO KATALOGOWANIA
Instytucja, która sporządziła opis WA N
Instytucja, która utworzyła rekord WA N
Instytucja, która dokonała modyfikacji KOSZ 005/HR
041 0# - KOD JĘZYKA
Kod języka tekstu pol
080 ## - UNIWERSALNA KLASYFIKACJA DZIESIĘTNA - UKD
UKD 811.162.1'35
080 ## - UNIWERSALNA KLASYFIKACJA DZIESIĘTNA - UKD
UKD 811.162.1'374
245 00 - TYTUŁ/ODPOWIEDZIALNOŚĆ
Tytuł Słownik ortograficzny języka polskiego wraz z zasadami pisowni i interpunkcji /
Pozostałe elementy strefy tytułu i oznaczenia odpowiedzialności red. nauk., oprac. zasad pisowni i interpunkcji polskiej Mieczysław Szymczak.
250 ## - STREFA WYDANIA
Oznaczenie wydania Wyd. 7.
260 ## - STREFA ADRESU WYDAWNICZEGO
Miejsce wydania Warszawa :
Nazwa wydawcy/dystrybutora Państ. Wydaw. Naukowe,
Data publikacji, dystrybucji/powstania dokumentu 1987.
300 ## - STREFA OPISU FIZYCZNEGO
Objętość 909, [3] s. ;
Rozmiary 24 cm.
380 ## - FORMA I TYP PUBLIKACJI
Forma i typ publikacji Książki
658 ## - TERMIN INDEKSOWY - PRZEDMIOT PROGRAMU NAUCZANIA
Główny przedmiot programu nauczania Językoznawstwo
650 #4 - HASŁO PRZEDMIOTOWE W FORMIE NAZWY OGÓLNEJ LUB JEDNOSTKOWEJ
Nazwa ogólna lub geograficzna Język polski
655 #4 - TERMIN INDEKSOWY - OKREŚLENIE RODZAJU/FORMY DOKUMENTU
Określenie rodzaju/formy dokumentu Słownik języka polskiego
650 #4 - HASŁO PRZEDMIOTOWE W FORMIE NAZWY OGÓLNEJ LUB JEDNOSTKOWEJ
Nazwa ogólna lub geograficzna Pisownia
655 #4 - TERMIN INDEKSOWY - OKREŚLENIE RODZAJU/FORMY DOKUMENTU
Określenie rodzaju/formy dokumentu Słownik ortograficzny
700 1# - HASŁO DODATKOWE - NAZWA OSOBOWA
Nazwa osobowa Szymczak, Mieczysław
Daty związane z nazwą (1927-1985).
Określenie związku między hasłem a opisywanym materiałem Opracowanie
856 ## - LOKALIZACJA I DOSTĘP DO ELEKTRONICZNYCH DOKUMENTÓW ZDALNYCH
Link (URL) http://kohabib.tu.koszalin.pl/cgi-bin/koha/catalogue/detail.pl?biblionumber=23527
Tekst linku Katalog online BPK
942 ## - DODATKOWE ELEMENTY (KOHA)
Schemat klasyfikacji Uniwersalna Klasyfikacja Dziesiętna
Typ dokumentu Książka
Egzemplarze
Wycofany Status egzemplarza Uszkodzony Dostępność Lokalizacja stała Lokalizacja bieżąca Miejsce przechowywania Sygnatura Kod kreskowy Typ dokumentu
      Dostępny Biblioteka Politechniki Koszalińskiej Biblioteka Politechniki Koszalińskiej Wypożyczalnia BG 33656 01696486 Książka
      Dostępny Biblioteka Politechniki Koszalińskiej Biblioteka Politechniki Koszalińskiej Wypożyczalnia BG 33657 02187150 Książka
© 2023 Biblioteka Politechniki Koszalińskiej :: KOHA